| 000 | 00000nam 2200000zi 4500 |
| 001 | 9.948143 |
| 003 | CaOODSP |
| 005 | 20250227125050 |
| 006 | m o d f |
| 007 | cr mn||||||||| |
| 008 | 250218e202502##quca o f000 0 eng d |
| 020 | |a9780660758503 |
| 040 | |aCaOODSP|beng|erda|cCaOODSP |
| 043 | |an-cn--- |
| 086 | 1 |aEn4-425/2025E-PDF |
| 245 | 00|aQuantification guidance for the Output-Based Pricing System Regulations. |
| 250 | |a[February 2025 edition]. |
| 264 | 1|aGatineau Quebec : |bEnvironment and Climate Change Canada = Environnement et changement climatique Canada, |cFebruary 2025. |
| 264 | 4|c©2025 |
| 300 | |a1 online resource (vii, 75 pages) : |billustrations |
| 336 | |atext|btxt|2rdacontent |
| 337 | |acomputer|bc|2rdamedia |
| 338 | |aonline resource|bcr|2rdacarrier |
| 500 | |aIssued also in French under title: Guide de quantification pour le Règlement sur le système de tarification fondé sur le rendement. |
| 500 | |a"EC24060"--Verso of cover. |
| 520 | |a"This document is intended to provide guidance on the quantification requirements of greenhouse gases (GHGs) and production, including emissions limits and calculated output-based standards (OBS), for covered facilities under the Output-Based Pricing System Regulations (the Regulations). All references made in this document are regarding the Regulations unless otherwise specified"--Purpose, page 1. |
| 650 | 0|aCarbon taxes|xLaw and legislation|zCanada. |
| 650 | 0|aCarbon offsetting|xLaw and legislation|zCanada. |
| 650 | 0|aGreenhouse gas mitigation|xLaw and legislation|zCanada. |
| 710 | 1 |aCanada. |bEnvironment and Climate Change Canada, |eissuing body. |
| 775 | 08|tGuide de quantification pour le Règlement sur le système de tarification fondé sur le rendement.|w(CaOODSP)9.948144 |
| 795 | |tQuantification guidance for the Output-Based Pricing System Regulations.|b(February 2024)|w(CaOODSP)9.933036 |
| 856 | 40|qPDF|s1.78 MB|uhttps://publications.gc.ca/collections/collection_2025/eccc/en4/En4-425-2025-eng.pdf |
| 986 | |aEC24060 |